[Event "BCF-chT1a 0910 (4NCL)"]
[Site "England"]
[Date "2010.01.16"]
[Round "3.2"]
[White "Milovanovic, Aleksander"]
[Black "Hebden, Mark"]
[Result "0-1"]
[WhiteElo "2246"]
[BlackElo "2548"]
[PlyCount "60"]
[EventDate "2009.10.24"]
[EventType "team-tourn"]
[EventRounds "7"]
[EventCountry "ENG"]
[SourceTitle "EXT 2011"]
[Source "ChessBase"]
[SourceDate "2010.11.26"]
[SourceVersion "1"]
[SourceVersionDate "2010.11.26"]
[SourceQuality "1"]
[WhiteTeam "Oxford"]
[BlackTeam "Pride and Prejudice"]
[WhiteTeamCountry "ENG"]
[BlackTeamCountry "ENG"]

1. d4 Nf6 2. c4 g6 3. Nc3 Bg7 4. e4 d6 5. Bd3 0-0 6. Nge2 Nc6 7. 0-0 Nh5 8. Be3 e5 9. Bc2 exd4 10. Nxd4 Ne5 11. b3 c5 12. Nde2 f5 13. f3 f4 14. Bf2 Be6 15. Qd2 g5 16. Rad1 Nf7 17. Nd5 Be5 18. b4 b6 19. Ba4 Nh8 20. g4 fxg3 21. Bxg3 Ng6 22. bxc5 bxc5 23. Kh1 Rb8 24. Bb3 Rb7 25. f4 gxf4 26. Nexf4 Nhxf4 27. Nxf4 Bxf4 28. Bxf4 Rbf7 29. Qxd6 Qxd6 30. Rxd6 Rxf4 0-1

[Event "BCF-chT1a 0910 (4NCL)"]
[Site "England"]
[Date "2009.10.24"]
[Round "1.3"]
[White "Pert, Richard G"]
[Black "Milovanovic, Aleksander"]
[Result "1/2-1/2"]
[WhiteElo "2457"]
[BlackElo "2246"]
[PlyCount "53"]
[EventDate "2009.10.24"]
[EventType "team-tourn"]
[EventRounds "7"]
[EventCountry "ENG"]
[SourceTitle "EXT 2011"]
[Source "ChessBase"]
[SourceDate "2010.11.26"]
[SourceVersion "1"]
[SourceVersionDate "2010.11.26"]
[SourceQuality "1"]
[WhiteTeam "Wood Green Hilsmark Kingfisher"]
[BlackTeam "Oxford"]
[WhiteTeamCountry "ENG"]
[BlackTeamCountry "ENG"]

1. d4 d5 2. c4 e6 3. Nf3 c5 4. cxd5 exd5 5. Nc3 Nc6 6. dxc5 d4 7. Na4 Bxc5 8. Nxc5 Qa5+ 9. Qd2 Qxc5 10. e3 Bg4 11. Nxd4 0-0-0 12. Be2 Nxd4 13. Bxg4+ Ne6 14. Qc3 Qxc3+ 15. bxc3 Nf6 16. Bxe6+ fxe6 17. c4 Ne4 18. f3 Nd6 19. c5 Nc4 20. e4 Rd7 21. Bf4 g5 22. Bd6 Nxd6 23. cxd6 Rxd6 24. Ke2 Rhd8 25. Rac1+ Kb8 26. Rc2 Rc8 27. Rxc8+ 1/2-1/2

[Event "BCF-chT2 0607 (4NCL)"]
[Site "Sunningdale"]
[Date "2007.05.05"]
[Round "9.55"]
[White "Moore, John C"]
[Black "Milovanovic, Aleksander"]
[Result "0-1"]
[WhiteElo "2033"]
[BlackElo "1683"]
[PlyCount "56"]
[EventDate "2006.09.16"]
[EventType "team-tourn"]
[EventRounds "11"]
[EventCountry "ENG"]
[SourceTitle "EXT 2008"]
[Source "ChessBase"]
[SourceDate "2007.11.25"]
[SourceVersion "1"]
[SourceVersionDate "2007.11.25"]
[SourceQuality "1"]
[WhiteTeam "Barbican Youth"]
[BlackTeam "Oxford"]
[WhiteTeamCountry "ENG"]
[BlackTeamCountry "ENG"]

1. e4 c5 2. Nc3 Nc6 3. g3 g6 4. Bg2 Bg7 5. d3 d6 6. f4 Nf6 7. Nf3 Rb8 8. 0-0 0-0 9. h3 b5 10. a3 a5 11. Be3 b4 12. axb4 axb4 13. Ne2 Qc7 14. Qd2 Nd7 15. Rab1 f5 16. Ng5 Nf6 17. e5 dxe5 18. fxe5 Nxe5 19. Nf4 Qd6 20. Qf2 Rb5 21. Rbd1 h6 22. d4 cxd4 23. Rxd4 Qa6 24. Nd5 Nxd5 25. Bxd5+ Rxd5 26. Rxd5 hxg5 27. Bd4 Qc6 28. Rc5 Nf3+ 0-1

[Event "BCF-chT2 0607 (4NCL)"]
[Site "Sunningdale"]
[Date "2006.11.12"]
[Round "4.5"]
[White "Milovanovic, Aleksander"]
[Black "Schneider, Veronika"]
[Result "0-1"]
[WhiteElo "1683"]
[BlackElo "2221"]
[PlyCount "88"]
[EventDate "2006.09.16"]
[EventType "team-tourn"]
[EventRounds "11"]
[EventCountry "ENG"]
[SourceTitle "EXT 2008"]
[Source "ChessBase"]
[SourceDate "2007.11.25"]
[SourceVersion "1"]
[SourceVersionDate "2007.11.25"]
[SourceQuality "1"]
[WhiteTeam "Oxford"]
[BlackTeam "Slough Sharks II"]
[WhiteTeamCountry "ENG"]
[BlackTeamCountry "ENG"]

1. d4 Nf6 2. c4 g6 3. Nf3 Bg7 4. Nc3 d5 5. e3 0-0 6. Be2 b6 7. 0-0 Bb7 8. b4 dxc4 9. Bxc4 Qd6 10. Nb5 Qc6 11. Na3 Nbd7 12. Bb5 Qd6 13. Be2 Nd5 14. Bd2 c5 15. Nc4 Qf6 16. bxc5 bxc5 17. Rb1 Ba6 18. Qa4 Rfd8 19. Rfc1 cxd4 20. Nxd4 Nc5 21. Qa3 Ne4 22. Be1 Rac8 23. Qa5 Nf4 24. Bf1 Rd5 25. Qxa6 Qxa6 26. Nd2 Rxc1 27. Rxc1 Qb7 28. Nxe4 Rxd4 29. Nc5 Qb2 30. Nb3 Rd8 31. exf4 Qxa2 32. Bc4 Qa3 33. Rb1 Rc8 34. Nd2 Qd6 35. Bf1 Qxf4 36. Nf3 Qe4 37. Rd1 Qc2 38. Rd7 Qc5 39. Rd1 a5 40. Bd2 a4 41. Be3 Qc2 42. Rd2 Qb1 43. Rd7 a3 44. Nd2 Qc2 0-1

[Event "BCF-chT2 0607 (4NCL)"]
[Site "Sunningdale"]
[Date "2006.11.11"]
[Round "3.3"]
[White "Pritchett, Craig William"]
[Black "Milovanovic, Aleksander"]
[Result "1-0"]
[WhiteElo "2289"]
[BlackElo "1683"]
[PlyCount "121"]
[EventDate "2006.09.16"]
[EventType "team-tourn"]
[EventRounds "11"]
[EventCountry "ENG"]
[SourceTitle "CBM 115 Extra"]
[Source "ChessBase"]
[SourceDate "2007.01.10"]
[SourceVersion "1"]
[SourceVersionDate "2007.01.10"]
[SourceQuality "1"]
[WhiteTeam "Barbican II"]
[BlackTeam "Oxford"]
[WhiteTeamCountry "ENG"]
[BlackTeamCountry "ENG"]

1. Nf3 d5 2. c4 d4 3. g3 g6 4. b4 Bg7 5. Bb2 e5 6. d3 Ne7 7. Bg2 0-0 8. 0-0 Nd7 9. Nbd2 c5 10. a3 Qc7 11. Nb3 Rb8 12. bxc5 Nxc5 13. Nxc5 Qxc5 14. a4 Qc7 15. Qd2 Rd8 16. h4 h6 17. Rad1 Bd7 18. a5 Bc6 19. Ne1 Bxg2 20. Nxg2 Nc6 21. Ra1 f5 22. Rfc1 Kh7 23. e4 fxe4 24. dxe4 Rf8 25. h5 g5 26. Ne1 Qd7 27. Qe2 Qh3 28. a6 b6 29. Rab1 g4 30. Ba3 Rf6 31. c5 b5 32. Rxb5 d3 33. Qxd3 Rbf8 34. Rb2 Nd4 35. c6 Rf3 36. Rc3 Rxd3 37. Rxd3 Nf3+ 38. Rxf3 Rxf3 39. c7 Rc3 40. Rc2 Rxa3 41. c8Q Qxh5 42. Rc3 Ra1 43. Rc1 Rxc1 44. Qxc1 Qg6 45. Qc4 Qb6 46. Nc2 Qb1+ 47. Kg2 Qd1 48. Ne3 Qf3+ 49. Kg1 h5 50. Ng2 Qd1+ 51. Kh2 Qf3 52. Qc2 Qf6 53. Qe2 Bf8 54. Nh4 Bc5 55. Nf5 Bb6 56. Kg2 Qd8 57. Qc4 Qd7 58. Qc1 Qe6 59. Qg5 Qf7 60. Qh6+ Kg8 61. Qxb6 1-0

[Event "BCF-chT2 0506 (4NCL)"]
[Site "Birmingham"]
[Date "2005.11.19"]
[Round "3.5"]
[White "Milovanovic, Aleksander"]
[Black "Beaumont, Chris"]
[Result "0-1"]
[WhiteElo "1683"]
[BlackElo "2329"]
[PlyCount "108"]
[EventDate "2005.10.22"]
[EventType "team-tourn"]
[EventRounds "11"]
[EventCountry "ENG"]
[SourceTitle "EXT 2007"]
[Source "ChessBase"]
[SourceDate "2006.11.23"]
[SourceVersion "1"]
[SourceVersionDate "2006.11.23"]
[SourceQuality "1"]
[WhiteTeam "Oxford"]
[BlackTeam "Bristol"]
[WhiteTeamCountry "ENG"]
[BlackTeamCountry "ENG"]

1. d4 d6 2. Nf3 g6 3. c4 Bg7 4. Nc3 Nf6 5. Bg5 0-0 6. e3 c5 7. Be2 Bf5 8. d5 Ne4 9. Nxe4 Bxe4 10. Nd2 Bxg2 11. Rg1 Bh3 12. Qc2 Na6 13. Rg3 Bd7 14. h4 Nb4 15. Qc1 h6 16. Bf4 e5 17. dxe6 Bxe6 18. a3 Nc6 19. Qc2 Bf5 20. Bd3 Bxd3 21. Qxd3 Qxh4 22. 0-0-0 Qf6 23. Qc2 Nd4 24. Ne4 Qxf4 25. Rxd4 Qh4 26. Rd5 Rad8 27. Rg1 Qe7 28. Rgd1 Be5 29. Rh1 Rfe8 30. Nc3 Kg7 31. Ne2 a6 32. Nc3 Kh7 33. Rd3 Bxc3 34. Qxc3 Qe5 35. Qc2 b5 36. cxb5 axb5 37. Rhd1 d5 38. Kb1 d4 39. exd4 Rxd4 40. Rxd4 cxd4 41. Qb3 Qf5+ 42. Ka1 Rd8 43. Rd3 Qd5 44. Qd1 h5 45. Qd2 Kg7 46. f4 Qe4 47. Ka2 Rd5 48. Ka1 Rd6 49. Ka2 h4 50. Ka1 Re6 51. Rxd4 Qe1+ 52. Ka2 Qxd2 53. Rxd2 Re4 54. Rf2 Kf6 0-1

[Event "BCF-chT4a 0405 (4NCL)"]
[Site "Telford"]
[Date "2005.01.15"]
[Round "3.1"]
[White "Hosken, Nigel"]
[Black "Milovanovic, Aleksander"]
[Result "0-1"]
[WhiteElo "2205"]
[BlackElo "1683"]
[PlyCount "80"]
[EventDate "2004.11.06"]
[EventType "team-tourn"]
[EventRounds "11"]
[EventCountry "ENG"]
[SourceTitle "EXT 2006"]
[Source "ChessBase"]
[SourceDate "2005.11.24"]
[SourceVersion "1"]
[SourceVersionDate "2005.11.24"]
[SourceQuality "1"]
[WhiteTeam "Gloucestershire Gambits"]
[BlackTeam "Oxford II"]
[WhiteTeamCountry "ENG"]
[BlackTeamCountry "ENG"]

1. d4 d5 2. c4 e6 3. Nc3 c5 4. cxd5 exd5 5. Nf3 Nc6 6. g3 Nf6 7. Bg2 Be7 8. 0-0 0-0 9. h3 c4 10. Ne5 Be6 11. e4 Nxe5 12. dxe5 Nxe4 13. Nxe4 dxe4 14. Bxe4 Qc7 15. Qe2 Rad8 16. f4 Bd5 17. Bc2 f5 18. g4 Be6 19. Be3 c3 20. bxc3 Qxc3 21. Rac1 Bc5 22. Bxc5 Qxc5+ 23. Rf2 Qa3 24. Rb1 Qxh3 25. gxf5 Bxf5 26. Rxb7 Rc8 27. Bxf5 Rxf5 28. Qd2 Rh5 29. Rg2 Qh1+ 30. Kf2 Qh4+ 31. Kg1 Rc1+ 32. Qxc1 Qh1+ 33. Kf2 Qxc1 34. Rgxg7+ Kf8 35. Rbf7+ Ke8 36. Re7+ Kd8 37. Rxa7 Qxf4+ 38. Ke2 Rh2+ 39. Kd3 Rd2+ 40. Kc3 Qd4+ 0-1

[Event "YUG-chT"]
[Site "Cetinje"]
[Date "1990.??.??"]
[Round "5"]
[White "Ostojic, Nikola"]
[Black "Milovanovic, Aleksander"]
[Result "1-0"]
[WhiteElo "2235"]
[BlackElo "1683"]
[PlyCount "117"]
[EventDate "1990.??.??"]
[EventType "team-tourn"]
[EventRounds "9"]
[EventCountry "YUG"]
[SourceTitle "EXT 1997"]
[Source "ChessBase"]
[SourceDate "1996.11.15"]
[SourceVersion "1"]
[SourceVersionDate "1996.11.15"]
[SourceQuality "1"]

1. d4 d5 2. c4 e6 3. Nc3 c5 4. cxd5 exd5 5. Nf3 Nc6 6. g3 Nf6 7. Bg2 Be7 8. 0-0 0-0 9. Be3 cxd4 10. Nxd4 Re8 11. Rc1 Be6 12. Qa4 Nxd4 13. Bxd4 a6 14. Rfd1 Rc8 15. Qb3 Qc7 16. Bxf6 Bxf6 17. Bxd5 Bxd5 18. Rxd5 g6 19. e3 Qe7 20. Rcd1 Rc7 21. R5d3 Bxc3 22. Rxc3 Rec8 23. Rxc7 Rxc7 24. Qd3 Qc5 25. h4 h5 26. Qd8+ Kg7 27. Rd6 Rc8 28. Qf6+ Kg8 29. Rd7 Qc4 30. b3 Qc1+ 31. Kh2 Rf8 32. Rxb7 Qa3 33. e4 Qxa2 34. e5 Qe2 35. Re7 Qb2 36. Rb7 Qe2 37. Qf4 Qd3 38. b4 Qd5 39. Re7 a5 40. bxa5 Qxa5 41. Qf6 Qc3 42. Rd7 Qc4 43. Rd6 Qe4 44. Qf4 Qe2 45. Rf6 Qg4 46. Qxg4 hxg4 47. e6 fxe6 48. Rxg6+ Kh7 49. Rxg4 Rxf2+ 50. Kh3 Re2 51. Rg5 Re1 52. Kg4 Rf1 53. Re5 Rf6 54. h5 Kg7 55. Kg5 Kf7 56. g4 Rf2 57. Ra5 Kg8 58. Kg6 Rf8 59. Re5 1-0

[Event "YUG-chT 41st"]
[Site "Zlatibor"]
[Date "1989.09.??"]
[Round "6"]
[White "Milovanovic, Aleksander"]
[Black "Stamenkovic, Zoran"]
[Result "1/2-1/2"]
[WhiteElo "1683"]
[BlackElo "2275"]
[PlyCount "72"]
[EventDate "1989.09.??"]
[EventType "team-tourn"]
[EventRounds "9"]
[EventCountry "YUG"]
[SourceTitle "EXT 2000"]
[Source "ChessBase"]
[SourceDate "1999.11.16"]
[SourceVersion "1"]
[SourceVersionDate "1999.11.16"]
[SourceQuality "1"]
[WhiteTeam "Crvena Zvezda"]
[BlackTeam "Zeleznicar"]
[WhiteTeamCountry "YUG"]
[BlackTeamCountry "YUG"]

1. d4 d5 2. c4 e6 3. Nf3 c6 4. Qc2 f5 5. g3 Nf6 6. Bg2 Bd6 7. 0-0 0-0 8. Nbd2 b6 9. Ne5 Bb7 10. Ndf3 Nbd7 11. cxd5 cxd5 12. Bf4 Qe7 13. Qa4 Rfc8 14. Rac1 a6 15. Nd3 Bxf4 16. gxf4 Qd6 17. Nfe5 Kf8 18. e3 Ke7 19. Rfe1 Rxc1 20. Rxc1 Rc8 21. Rxc8 Bxc8 22. Qc2 Bb7 23. Bf1 Ne8 24. a3 Qc7 25. Qd1 Ndf6 26. Qa4 Nd6 27. Nb4 a5 28. Nbc6+ Bxc6 29. Nxc6+ Kf8 30. b4 axb4 31. axb4 Nfe8 32. b5 Qb7 33. Qb4 Qa8 34. Ne5 Ke7 35. Nc6+ Kf6 36. Ne5 Ke7 1/2-1/2